Bletka-Opał,Gibbs tekst - Statystyki

Ogólne statystyki
  • Ten quiz został rozwiązany 43 razy
  • Średni wynik to 264 z 472
Statystyki odpowiedzi
Hint Odpowiedź % Poprawnych
ja
96%
nie
96%
jak
89%
mi
89%
po
89%
bletka
86%
bletką
86%
my
86%
z
86%
ze
86%
że
86%
się
82%
strony
82%
w
82%
złej
82%
i
79%
pośliniona
79%
ta
79%
79%
miejscach
75%
niezauważony
75%
refren odklejony
75%
poruszam
75%
tak
75%
na
71%
je
68%
jest
68%
mieście
68%
ty
68%
otumaniony
64%
tym
64%
większośc
64%
większość
64%
wietrze
64%
a
61%
do
61%
jestem
61%
nadzieją
54%
opał
54%
twój
54%
ci
50%
gdzie
50%
nieodebranych
50%
numer
50%
połączeń
50%
przez
50%
wśród
50%
wyświetlę
50%
wyświetle
50%
ciągle
46%
dzwonią
46%
emocje
46%
fobie
46%
jesień
46%
jesteś
46%
karcę
46%
lesie
46%
napisałem
46%
odbieram
46%
SMS-ie
46%
telefony
46%
ten
46%
trzeciej
46%
więc
46%
wpół
46%
beat
43%
betonowym
43%
chodze
43%
jebać
43%
niebie
43%
niesie
43%
odpisałaś
43%
rozerwane
43%
serce
43%
siebie
43%
spacer
43%
szukam
43%
targane
43%
to
43%
twoich
43%
wciąż
43%
wiem
43%
asfalt
39%
co
39%
dresie
39%
kolorując
39%
małpa
39%
mnie
39%
no
39%
nostalgia
39%
pomilczeć
39%
przy
39%
przyniesie
39%
tego
39%
uniesień
39%
wiecznie
39%
chciałbym
36%
dla
36%
głosem
36%
kieszeń
36%
lewa
36%
myśli
36%
nas
36%
obu
36%
pierdolona
36%
polece
36%
polecę
36%
popchała
36%
potarganą
36%
przypadkach
36%
ulic
36%
whatsappie
36%
ale
32%
bletę
32%
być
32%
chcesz
32%
chciałaby
32%
ciągły
32%
daje
32%
dekiel
32%
deszczu
32%
drag
32%
echem
32%
ide
32%
klatkach
32%
kończył
32%
limit
32%
mam
32%
namiastkę
32%
nasz
32%
nigdy
32%
odbita
32%
odbitym
32%
pisze
32%
prawda
32%
przed
32%
razie
32%
razy
32%
ryje
32%
skrece
32%
strugi
32%
tańczyć
32%
tu
32%
ziom
32%
brudy
29%
chichi
29%
coś
29%
czy
29%
dzieli
29%
hajs
29%
kartel
29%
kłamstwa
29%
miasta
29%
nich
29%
podzieli
29%
przesiew
29%
rapie
29%
tafla
29%
tam
29%
zmyją
29%
cutter
25%
dixit
25%
dlaczego
25%
długo
25%
domywa
25%
im
25%
kałużach
25%
karty
25%
ludzie
25%
moja
25%
mówią
25%
muzyka
25%
najmniejsze
25%
ostatnia
25%
prywatną
25%
przyśnić
25%
skrajne
25%
sny
25%
spełniam
25%
styl
25%
szczęście
25%
szluga
25%
terapie
25%
tolerancje
25%
watahe
25%
wsparcie
25%
zaciesz
25%
ciapę
21%
czacie
21%
drug
21%
kapie
21%
kurwa
21%
need
21%
papier
21%
podjebania
21%
pracę
21%
przyniosą
21%
skoro
21%
tworzymy
21%
zaznaczę
21%
biksy
18%
czasem
18%
dwa
18%
klik
18%
końcu
18%
nieoddane
18%
pasje
18%
rozprowadza
18%
sobie
18%
still
18%
strace
18%
tęczy
18%
zapalniczki
18%
byku
14%
raper
14%
samym
14%
właśnie
14%
wzburzona
14%
zmniejszy
14%
znajdę
14%
nudny
11%
bija
7%
zapisz
7%
mroku
4%
Nie znaleziono quizów pasujących do podanych kryteriów
Rozkład punktacji
Procent ludzi z każdym wynikiem
Percentyl według liczby udzielonych odpowiedzi
Twoja historia wyników
Nie rozwiązałeś tego quizu